Wszystkie mecze FC Barcelony w Sezonie 24/25 - Statystyki

Ogólne statystyki
  • Ten quiz został rozwiązany 132 razy
    39 od ostatniego zresetowania
  • Średni wynik to 41 z 60
Statystyki odpowiedzi
Rozgrywki Przeciwnik Wynik % Poprawnych
La Liga(1 kolejka) Valencia(Wyjazd) 1-2
90%
La Liga (2 kolejka) Athletic Bilbao(Domowy) 2-1
86%
Liga Mistrzów (Faza Ligowa) Young Boys(Domowy) 5-0
83%
La Liga (4 kolejka) Real Valladolid(Domowy) 7-0
83%
La Liga (3 kolejka) Rayo Vallecano(Wyjazd) 1-2
79%
Liga Mistrzów(Faza Ligowa) AS Monaco(Wyjazd) 2-1
79%
Liga Mistrzów (Faza Ligowa) Borussia Dortmund(Wyjazd) 2-3
79%
Liga Mistrzów (Faza Ligowa) Bayern Monachium(Domowy) 4-1
79%
Liga Mistrzów (Faza Ligowa SL Benfica(Wyjazd) 4-5
79%
Superpuchar Hiszpanii(Finał) Real Madryt(Boisko Neutralne) 5-2
79%
La Liga (11 kolejka) Real Madryt(Wyjazd) 0-4
76%
Puchar Króla(1/16 Finału) Barbastro(Wyjazd) 0-4
76%
Superpuchar Hiszpanii(Półfinał) Athletic Bilbao(Boisko Neutralne) 2-0
76%
Liga Mistrzów (Faza Ligowa) Atalanta BC(Domowy) 2-2
76%
La Liga (8 kolejka) Osasuna(Wyjazd) 4-2
76%
Liga Mistrzów (1/8 Finału) SL Benfica (Wyjazd) 0-1
72%
La Liga (9 kolejka) Deportivo Alavés(Wyjazd) 0-3
72%
La Liga (13 kolejka) Real Sociedad(Wyjazd) 1-0
72%
La Liga (15 kolejka) Las Palmas(Domowy) 1-2
72%
La Liga (18 kolejka) Atlético Madryt(Domowy) 1-2
72%
La Liga (5 kolejka) Girona (Wyjazd) 1-4
72%
Liga Mistrzów (Faza Ligowa) Stade Brestois(Domowy) 3-0
72%
Liga Mistrzów (1/8 Finału) SL Benfica (Domowy) 3-1
72%
Liga Mistrzów (Ćwierćfinał) Borussia Dortmund (Wyjazd) 3-1
72%
Liga Mistrzów (Ćwierćfinał) Borussia Dortmund (Domowy) 4-0
72%
La Liga (17 kolejka) CD Leganés(Domowy) 0-1
69%
Puchar Króla (Półfinał) Atlético Madryt (Wyjazd) 0-1
69%
La Liga (7 kolejka) Getafe CF(Domowy) 1-0
69%
La Liga (14 kolejka) Celta de Vigo(Wyjazd) 2-2
69%
Liga Mistrzów (Faza Ligowa) Crvena zvezda(Wyjazd) 2-5
69%
La Liga (12 kolejka) Espanyol(Domowy) 3-1
69%
Puchar Króla (Finał) Real Madryt(Boisko Neutralne) 3-2
69%
Liga Mistrzów (Półfinał) Inter Mediolan(Domowy) 3-3
69%
La Liga (35 kolejka) Real Madryt (Domowy) 4-3
69%
Puchar Króla (Półfinał) Atlético Madryt (Domowy) 4-4
69%
Puchar Króla(1/8 Finału) Real Betis(Domowy) 5-1
69%
La Liga (21 kolejka) Valencia(Domowy) 7-1
69%
La Liga (31 kolejka) CD Leganés (Wyjazd) 0-1
66%
Puchar Króla (Ćwierćfinał) Valencia (Wyjazd) 0-5
66%
La Liga (20 kolejka) Getafe CF(Wyjazd) 1-1
66%
La Liga (6 kolejka) Villarreal(Wyjazd) 1-5
66%
La Liga (16 kolejka) Real Betis(Wyjazd) 2-2
66%
La Liga (28 kolejka) Atlético Madryt (Wyjazd) 2-4
66%
Liga Mistrzów (Półfinał) Inter Mediolan (Wyjazd) 4-3
66%
La Liga (10 kolejka) Sevilla FC(Domowy) 5-1
66%
La Liga (25 kolejka) Las Palmas (Wyjazd) 0-2
62%
La Liga(24 kolejka) Rayo Vallecano(Domowy) 1-0
62%
La Liga (26 kolejka) Real Sociedad (Domowy) 4-0
62%
La Liga(29 kolejka) Girona FC (Domowy) 4-1
62%
La Liga (38 kolejka) Athletic Bilbao(Wyjazd) 0-3
59%
La Liga(22 kolejka) Deportivo Alavés(Domowy) 1-0
59%
La Liga (30 kolejka) Real Betis (Domowy) 1-1
59%
La Liga (34 kolejka) Real Valladolid(Wyjazd) 1-2
59%
La Liga (37 kolejka) Villarreal(Domowy) 2-3
59%
La Liga (19 kolejka) RCD Mallorca(Domowy) 5-1
59%
La Liga (36 kolejka) Espanyol (Wyjazd) 0-2
55%
La Liga(27 kolejka) Osasuna(Domowy) 3-0
55%
La Liga (32 kolejka) Celta de Vigo (Domowy) 4-3
55%
La Liga(23 kolejka) Sevilla FC (Wyjazd) 1-4
48%
La Liga (33 kolejka) RCD Mallorca(Domowy) 1-0
45%
Nie znaleziono quizów pasujących do podanych kryteriów
Rozkład punktacji
Procent ludzi z każdym wynikiem
Percentyl według liczby udzielonych odpowiedzi
Twoja historia wyników
Nie rozwiązałeś tego quizu od ostatniego zresetowania